Molecular biology / (رقم التسجيلة. 42763)
[ عرض عادي ]
| 000 -الفاتح | |
|---|---|
| حقل البيانات ثابتة الطول | 01180cam a2200349 a 4500 |
| 001 - رقم الضبط | |
| رقم الضبط | 17237927 |
| 003 - محدد رقم الضبط | |
| رقم الضبط | OSt |
| 005 - وقت وتاريخ اخر تعامل مع التسجيلة | |
| رقم الضبط | 20180921163633.0 |
| 008 - عناصر البيانات ثابتة الطول - معلومات عامة | |
| حقل البيانات ثابتة الطول | 120329s2013 nyua b 001 0 eng |
| 010 ## - رقم ضبط مكتبة الكونجرس | |
| رقم ضبط مكتبة الكونجرس | 2012013042 |
| 020 ## - الرقم الدولى المعيارى للكتب | |
| الرقم الدولى المعيارى للكتاب | 9780415684163 (pbk.) |
| 035 ## - رقم ضبط النظام | |
| رقم ضبط النظام | (DNLM)101581260 |
| 040 ## - مصدر الفهرسة | |
| وكالة الفهرسة الأصلية | DNLM/DLC |
| وكالة النسخ | DLC |
| 042 ## - رمز التحقق | |
| رمز التحقق | pcc |
| 050 00 - رقم طلب مكتبة الكونجرس | |
| رقم التصنيف | QH506 |
| رقم المادة | .I4815 2013 |
| 060 10 - رقم الطلب بالمكتبة الطبية الوطنية | |
| رقم التصنيف | QH 506 |
| 082 00 - رقم تصنيف ديوى العشرى | |
| رقم التصنيف | 572.8 |
| رقم الطبعة | 23 |
| رقم المادة | MOB |
| 245 00 - بيان العنوان | |
| العنوان | Molecular biology / |
| بيان المسئوليه,etc | Alexander McLennan ... [et al.]. |
| 250 ## - بيان الطبعة | |
| بيان الطبعة | 4th ed. |
| 260 ## - PUBLICATION, DISTRIBUTION, ETC. (IMPRINT) | |
| مكان الناشر او الموزع | New York : |
| اسم الناشر او الموزع | Garland Science, |
| تاريخ النشر أو التوزيع | c2013. |
| 300 ## - الوصف المادى | |
| التعداد | ix, 382 p. : |
| تفاصيل ماديه اخرى للوعاء | ill. ; |
| أبعاد الوعاء | 25 cm. |
| 490 0# - بيان السلسلة | |
| عنوان السلسلة | BIOS instant notes series |
| 500 ## - تبصرة عامة | |
| تبصرة عامة | Rev. ed. of: Molecular biology / Phil Turner ... [et al.]. 3rd ed. New York, NY : Taylor & Francis, 2005. |
| 504 ## - تبصرة ببليوجرافية | |
| تبصرة ببليوجرافية,الخ | Includes bibliographical references and index. |
| 650 #0 - المدخل الاضافى بالموضوع-مصطلح موضوعى | |
| مصطلح موضوعي أو اسم جغرافي كعنصر مدخل | Molecular biology |
| التقسيم الفرعي الشكلي | Outlines, syllabi, etc. |
| 9 (RLIN) | 64882 |
| 650 12 - المدخل الاضافى بالموضوع-مصطلح موضوعى | |
| مصطلح موضوعي أو اسم جغرافي كعنصر مدخل | Molecular Biology |
| التقسيم الفرعي الشكلي | Outlines. |
| 9 (RLIN) | 64883 |
| 700 1# - المدخل الاضافى - اسم شخصى | |
| الإسم الشخصى | McLennan, Alexander G. |
| 9 (RLIN) | 64884 |
| 830 #0 - المدخل الاضافى بالسلسلة -عنوان موحد | |
| عنوان موحد | BIOS instant notes. |
| 9 (RLIN) | 40126 |
| 906 ## - عنصر بيانات محلى F, LDF (RLIN) | |
| a | 7 |
| b | cbc |
| c | orignew |
| d | 1 |
| e | ecip |
| f | 20 |
| g | y-gencatlg |
| 942 ## - عناصر المدخل الإضافي( كوها) | |
| مصدر التصنيف او مخطط الترفيف | Dewey Decimal Classification |
| Koha [default] item type | كتاب |
| حالة الفقد | نموذج السعر الفعال | حالة تلف | ليس للاعارة | رقم الطلب | تاريخ الاكتساب | الموقع الحالي | الباركود | الفرع الرئيسي | Date last seen | نوع المادة فى نظام كوها | مصدر التصنيف او خطة الترفيف | Total Checkouts | Date last checked out | مُعار |
|---|---|---|---|---|---|---|---|---|---|---|---|---|---|---|
| 2018-09-21 | 572.8 MOB | 2018-09-21 | المكتبة المركزية بالمجمعة (CL) | 00751030 | المكتبة المركزية بالمجمعة (CL) | 2018-09-21 | كتاب | Dewey Decimal Classification | ||||||
| 2018-09-21 | 572.8 MOB | 2018-09-21 | المكتبة المركزية بالمجمعة (CL) | 00751031 | المكتبة المركزية بالمجمعة (CL) | 2018-09-21 | كتاب | Dewey Decimal Classification | ||||||
| 2018-09-21 | 572.8 MOB | 2018-09-21 | المكتبة المركزية بالمجمعة (CL) | 00751032 | المكتبة المركزية بالمجمعة (CL) | 2018-09-21 | كتاب | Dewey Decimal Classification | ||||||
| 2018-09-21 | 572.8 MOB | 2018-09-21 | مكتبة كلية التربية بالزلفى - طالبات (EZF) | 00751033 | مكتبة كلية التربية بالزلفى - طالبات (EZF) | 2025-10-13 | كتاب | Dewey Decimal Classification | 1 | 2025-10-13 | 2025-11-12 | |||
| 2018-09-21 | 572.8 MOB | 2018-09-21 | مكتبة كلية التربية بالزلفى - طالبات (EZF) | 00751034 | مكتبة كلية التربية بالزلفى - طالبات (EZF) | 2018-09-21 | كتاب | Dewey Decimal Classification | ||||||
| 2018-09-21 | 572.8 MOB | 2018-09-21 | مكتبة مجمع الكليات بالزلفى - طلاب (SZM) | 00751035 | مكتبة مجمع الكليات بالزلفى - طلاب (SZM) | 2018-09-21 | كتاب | Dewey Decimal Classification | ||||||
| 2018-09-21 | 572.8 MOB | 2018-09-21 | مكتبة مجمع الكليات بالزلفى - طلاب (SZM) | 00751036 | مكتبة مجمع الكليات بالزلفى - طلاب (SZM) | 2018-09-21 | كتاب | Dewey Decimal Classification |
